UCAPAN belanjawan tahun 2001

Bibliographic Details
Format: Book
Published: (s.d. : s.l.) , 2000
Subjects:

MARC

LEADER 00000cam a2200000 7i4500
001 0000001189
005 20011124.0
090 0 0 |a R354.59500722   |b UCA 2000 
245 0 0 |a UCAPAN belanjawan tahun 2001   |c oleh Y.B. Tun Daim Zainuddin, Menteri Kewangan Malaysia, ketika membentagkan Rang Undang-Undang Perbekalan (2001) di Dewan Rakyat pada 27 Oktober 2000 
260 0 0 |a (s.d. :   |b s.l.) ,   |c 2000 
300 |a 47 p. ;   |c 30 cm. 
650 0 0 |a Budget   |z Malaysia 
998 |a JPSM 
999 |a 0000006370   |b Monograph   |c Reference   |e Default branch